[Event "34th Chess Olympiad (men)"]
[Site "Istanbul"]
[Date "2000.11.05"]
[Round "8.49.4"]
[White "Facusse-Handal, Davin"]
[Black "Miranda, Adrian"]
[WhiteElo "2000"]
[BlackElo "2000"]
[WhiteCountry "HON"]
[BlackCountry "PAN"]
[Result "1-0"]

1. e4 c5 2. Nf3 e6 3. d4 cxd4 4. Nxd4 a6 5. Nc3 Qc7 6. Be2 Nf6 7. O-O Nc6 
8. Be3 Be7 9. Nb3 d6 10. a4 b6 11. f4 Bb7 12. Kh1 Rc8 13. Bf3 O-O 14. Qe2 Nb8 
15. Qf2 Nbd7 16. Rad1 Nc5 17. Nxc5 bxc5 18. Rfe1 Rfd8 19. Bc1 Bf8 20. f5 exf5 
21. exf5 Re8 22. Bg5 Be7 23. Rd3 Rcd8 24. h3 Qd7 25. Bxb7 Qxb7 26. Rde3 Qd7 
27. Qe2 Kf8 28. a5 Ng8 29. Bxe7+ Rxe7 30. f6 gxf6 31. Qxa6 Rde8 32. Rxe7 Rxe7 
33. Qa8+ Kg7 34. Rxe7 Nxe7 35. a6 Qe6 36. Qe4 Nc8 37. Qxe6 fxe6 38. Nb5 Kf8 
39. a7 Nb6 40. Nc7 Ke7 41. a8=Q Nxa8 42. Nxa8 Kd7 43. Nb6+ Kc6 44. Nc4 Kd5 
45. b3 Kc6 46. Kg1 d5 47. Ne3 Kb5 48. Kf2 Kb4 49. Ke2 Kc3 50. Kd1 Kd4 
51. Ng4 f5 52. Nf6 h6 53. Kd2 c4 54. Ng8 cxb3 55. cxb3 h5 56. Nf6 h4 57. Nd7 f4 
58. Nf8 e5 59. Ng6 Ke4 60. Nxh4 d4 61. Nf3 Kd5 62. h4 e4 63. h5 
1-0

[Event "34th Chess Olympiad (men)"]
[Site "Istanbul"]
[Date "2000.11.05"]
[Round "8.50.1"]
[White "Leyva, Hector"]
[Black "Molla, Mekitew"]
[WhiteElo "2409"]
[BlackElo "2000"]
[WhiteCountry "ESA"]
[BlackCountry "ETH"]
[Result "1-0"]

1. e4 c5 2. Nf3 d6 3. d4 cxd4 4. Nxd4 Nf6 5. f3 e5 6. Bb5+ Bd7 7. Bxd7+ Qxd7 
8. Nf5 d5 9. Bg5 dxe4 10. Bxf6 Qxd1+ 11. Kxd1 gxf6 12. fxe4 Nd7 13. Nc3 O-O-O 
14. Ke2 Rg8 15. g3 Nb6 16. Rad1 Bc5 17. Rxd8+ Rxd8 18. Rd1 Rxd1 19. Nxd1 Kd7 
20. b3 Nc8 21. a4 Nd6 22. Nxd6 Kxd6 23. g4 Bg1 24. h3 Kc5 25. c3 b5 
26. axb5 Kxb5 27. Ne3 Bxe3 28. Kxe3 a5 29. Kd3 h6 30. Kc2 Kc6 31. Kb2 Kc5 
32. Ka3 Kb5 33. h4 Kc5 34. Ka4 Kb6 35. h5 Ka6 36. c4 Kb6 37. b4 axb4 
38. Kxb4 Kc6 39. c5 Kc7 40. Kb5 Kb7 41. c6+ Kc7 42. Kc5 Kc8 43. Kd6 Kd8 
44. c7+ Kc8 45. Kc6 f5 46. gxf5 f6 47. Kd6 
1-0

[Event "34th Chess Olympiad (men)"]
[Site "Istanbul"]
[Date "2000.11.05"]
[Round "8.50.2"]
[White "Abera, Yimam"]
[Black "Arias, Lemnys"]
[WhiteElo "2000"]
[BlackElo "2000"]
[WhiteCountry "ETH"]
[BlackCountry "ESA"]
[Result "0-1"]

1. e4 c5 2. Nf3 d6 3. d4 Nf6 4. Nc3 cxd4 5. Nxd4 g6 6. Be3 Bg7 7. Be2 O-O 
8. O-O Nc6 9. f4 Qb6 10. Rb1 Nxe4 11. Nf5 Nxc3 12. bxc3 Qa5 13. Nxg7 Kxg7 
14. Qd2 f5 15. Bc4 Qc7 16. Rbe1 Bd7 17. Rf3 Rae8 18. Rh3 h5 19. Qf2 e6 
20. Qg3 Kf7 21. Be2 Rh8 22. Bf2 e5 23. fxe5 dxe5 24. Rd1 Be6 25. Qg5 Qe7 
26. Qc1 f4 27. Rhd3 Rd8 28. g3 Rxd3 29. cxd3 fxg3 30. Bxg3 Kg7 31. d4 exd4 
32. cxd4 Bd5 33. Bd3 Rf8 34. Bf4 Rf7 35. Bh6+ Kh7 36. Bg5 Qe6 37. Bf4 Qg4+ 
38. Bg3 Qxd4+ 
0-1

[Event "34th Chess Olympiad (men)"]
[Site "Istanbul"]
[Date "2000.11.05"]
[Round "8.50.3"]
[White "Segura, Javier"]
[Black "Haile Giorgis, Shewaseged"]
[WhiteElo "2000"]
[BlackElo "2000"]
[WhiteCountry "ESA"]
[BlackCountry "ETH"]
[Result "1/2-1/2"]

1. e4 c5 2. Nf3 d6 3. d4 cxd4 4. Nxd4 Nf6 5. Nc3 a6 6. Bc4 e6 7. a3 Be7 
8. Ba2 O-O 9. O-O b5 10. Be3 Qc7 11. Qe2 Nc6 12. f4 Na5 13. Rad1 Nc4 
14. Bxc4 bxc4 15. Kh1 Bb7 16. Bc1 Rfd8 17. f5 e5 18. Nf3 Rac8 19. Bg5 h6 
20. Bxf6 Bxf6 21. Nd5 Bxd5 22. Rxd5 Qb6 23. Rb1 Rc5 24. Rxc5 Qxc5 25. Rd1 d5 
1/2-1/2

[Event "34th Chess Olympiad (men)"]
[Site "Istanbul"]
[Date "2000.11.05"]
[Round "8.50.4"]
[White "Wondimu, Dawit"]
[Black "Lievano, Juan"]
[WhiteElo "2000"]
[BlackElo "2000"]
[WhiteCountry "ETH"]
[BlackCountry "ESA"]
[Result "1/2-1/2"]

1. d4 d5 2. c4 e6 3. Nc3 c6 4. Nf3 dxc4 5. a4 Bb4 6. e3 b5 7. axb5 cxb5 
8. Bd2 Bxc3 9. Bxc3 a5 10. b3 Bb7 11. bxc4 b4 12. Bd2 Nf6 13. Ne5 Nbd7 
14. Qa4 O-O 15. Nc6 Bxc6 16. Qxc6 e5 17. Be2 exd4 18. exd4 Re8 19. Be3 Re6 
20. Qa4 Ne4 21. Bf3 Nc3 22. Qb3 Rb8 23. O-O a4 24. Qc2 Nb6 25. d5 Rxe3 
26. fxe3 Nxc4 27. Qd3 Ne5 28. Qf5 Nxf3+ 29. Qxf3 Qxd5 30. Qxd5 Nxd5 31. Rxa4 h6 
32. Rb1 Nxe3 33. Raxb4 Rxb4 34. Rxb4 Nd5 35. Rb7 g6 36. Kf2 h5 37. Kf3 Kg7 
38. h3 Nf6 39. Kf4 Nd5+ 40. Ke4 Nf6+ 41. Ke5 Ne8 42. g4 hxg4 43. hxg4 Nf6 
44. g5 Nh7 45. Kf4 Nf8 46. Ke4 
1/2-1/2

[Event "34th Chess Olympiad (men)"]
[Site "Istanbul"]
[Date "2000.11.05"]
[Round "8.51.1"]
[White "De Silva, Nuwan"]
[Black "Molale, Ojentse"]
[WhiteElo "2000"]
[BlackElo "2104"]
[WhiteCountry "SRI"]
[BlackCountry "BOT"]
[Result "1-0"]

1. d4 d5 2. c4 c6 3. Nf3 e6 4. Nc3 Nf6 5. e3 Nbd7 6. Qc2 b6 7. b3 Bb7 
8. Be2 Bd6 9. O-O Rc8 10. Bb2 O-O 11. e4 dxe4 12. Nxe4 Nxe4 13. Qxe4 Qe7 
14. Bd3 f5 15. Qe2 c5 16. Rfe1 Rce8 17. Ne5 cxd4 18. f4 Nxe5 19. fxe5 Bc5 
20. Qh5 Rd8 21. a3 a5 22. Kh1 Qf7 23. Qh3 g5 24. Bc1 Qg6 25. Qg3 h6 26. Bd2 Qg7 
27. b4 axb4 28. axb4 Be7 29. Kg1 Ra8 30. Qf2 Rxa1 31. Rxa1 Qxe5 32. Re1 Qf6 
33. Qg3 Be4 34. Rf1 Bxd3 35. Qxd3 e5 36. c5 bxc5 37. bxc5 Qe6 38. Rc1 Rc8 
39. Bb4 Bf6 40. c6 e4 41. Qb5 e3 42. Kf1 f4 43. c7 g4 44. Qb7 d3 45. Rc6 e2+ 
46. Ke1 Bh4+ 47. g3 fxg3 48. Rxe6 g2+ 49. Kd2 e1=Q+ 50. Rxe1 Bxe1+ 
51. Kxd3 g1=Q 52. Qxc8+ Kg7 53. Qf8+ Kg6 54. c8=Q 
1-0

[Event "34th Chess Olympiad (men)"]
[Site "Istanbul"]
[Date "2000.11.05"]
[Round "8.51.2"]
[White "Pitlagano, Tebogo"]
[Black "Fonseka, C.k.d"]
[WhiteElo "2000"]
[BlackElo "2000"]
[WhiteCountry "BOT"]
[BlackCountry "SRI"]
[Result "1/2-1/2"]

1. e4 Nf6 2. e5 Nd5 3. d4 d6 4. Nf3 Bg4 5. Be2 Nc6 6. exd6 exd6 7. h3 Bh5 
8. O-O Be7 9. c4 Nf6 10. Nc3 Qd7 11. Bf4 h6 12. d5 Bxf3 13. Bxf3 Nb8 14. Qb3 b6 
15. c5 O-O 16. c6 Qf5 17. Qc4 a5 18. a3 Na6 19. b4 g5 20. Be3 h5 21. Bd4 Qg6 
22. Rae1 Bd8 23. Ne4 Nxe4 24. Bxe4 Qh6 25. Bf5 Bf6 26. Be3 Qg7 27. f4 g4 
28. hxg4 hxg4 29. Kf2 Bc3 30. Rb1 Rfe8 31. Rb3 axb4 32. axb4 Bxb4 33. Rxb4 Nxb4 
34. Bd4 g3+ 35. Kg1 Qh6 36. Bh3 Na6 37. Qd3 Qh4 38. Qf5 Nc5 39. Bf6 Qh7 
40. Qg4+ Kf8 41. Bd4 Ne4 42. f5 Nd2 43. Rd1 Re4 44. Qxg3 Rxd4 45. Qe3 Rxd5 
46. Rxd2 Rxd2 47. Qxd2 Ra1+ 48. Kh2 Qg7 49. g3 Rb1 50. Qf4 Rb2+ 51. Bg2 Qf6 
52. Qf3 Qh6+ 53. Kg1 Qc1+ 54. Kh2 Qh6+ 55. Kg1 Rb1+ 56. Bf1 Qh3 57. f6 Rc1 
58. Qe2 Qxg3+ 59. Kh1 Qe5 60. Qf2 Qh5+ 61. Kg2 Qg6+ 62. Kh1 Qh7+ 63. Kg1 Rc2 
64. Qf4 Qg6+ 65. Kh1 Rc5 66. Bh3 Qg5 67. Qf2 Rxc6 68. Qf3 d5 69. Qa3+ Kg8 
70. Qa8+ Kh7 71. Qxc6 Qe5 72. Bg2 d4 73. Be4+ Kh6 74. Qc1+ Kh5 75. Bf3+ Kg6 
76. Qc6 Qxf6 77. Be4+ Kg7 78. Qd5 c5 79. Kg2 Kh6 80. Bf5 Qg5+ 81. Kf3 Kg7 
82. Qe5+ Qf6 83. Qg3+ Kh6 84. Qf4+ Kg7 85. Qg3+ Kh6 86. Qf4+ Qg5 87. Qd6+ Kh5 
88. Qh2+ Qh4 89. Bg4+ Kg5 90. Qe5+ Kg6 91. Bf5+ Kh6 92. Qh8+ Kg5 93. Qd8+ f6 
94. Bc8 Qf4+ 95. Kg2 Qe4+ 96. Kg3 Qe3+ 97. Kg2 Qb3 98. Qe7 Qd5+ 99. Kf2 Qe5 
100. Qg7+ Kh5 101. Qh7+ Kg5 102. Qg7+ Kh5 103. Qh7+ Kg5 104. Qg7+ 
1/2-1/2

[Event "34th Chess Olympiad (men)"]
[Site "Istanbul"]
[Date "2000.11.05"]
[Round "8.51.3"]
[White "De Silva, Nirosh"]
[Black "Kealeboga, Baone"]
[WhiteElo "2162"]
[BlackElo "2000"]
[WhiteCountry "SRI"]
[BlackCountry "BOT"]
[Result "1-0"]

1. e4 e5 2. Nf3 Nc6 3. Bb5 a6 4. Ba4 Nf6 5. Qe2 b5 6. Bb3 Bc5 7. c3 d6 
8. h3 O-O 9. O-O Qe7 10. a4 b4 11. Bd5 Nxd5 12. exd5 Na5 13. d4 Nb3 
14. Ra2 Nxc1 15. Rxc1 b3 16. Ra1 Ba7 17. Nbd2 Rb8 18. Ra3 Qf6 19. dxe5 dxe5 
20. Qxe5 Qg6 21. Qg5 Bd7 22. Qxg6 fxg6 23. Nd4 Bxd4 24. cxd4 Rb4 25. Rxc7 Bxa4 
26. Rc4 Rxc4 27. Nxc4 Bb5 28. Ne3 Rf4 29. Rxb3 Rxd4 30. Rc3 Rd2 31. b3 g5 
32. g3 h5 33. Kg2 Be2 34. Rc2 Rxc2 35. Nxc2 Bd1 36. Nd4 g4 37. h4 a5 38. Kf1 a4 
39. Ke1 Bxb3 40. Nxb3 axb3 41. Kd2 Kf7 42. Kc3 b2 43. Kxb2 Kf6 44. Kc3 Ke5 
45. Kc4 Kd6 46. Kd4 g6 47. Ke4 Kd7 48. Ke5 Ke7 49. d6+ Kd7 50. Kd5 Kd8 
51. Ke6 Ke8 52. d7+ Kd8 53. Kd6 
1-0

[Event "34th Chess Olympiad (men)"]
[Site "Istanbul"]
[Date "2000.11.05"]
[Round "8.51.4"]
[White "Salani, Polite"]
[Black "Yapa, Mayura"]
[WhiteElo "2000"]
[BlackElo "2000"]
[WhiteCountry "BOT"]
[BlackCountry "SRI"]
[Result "1-0"]

1. d4 Nf6 2. c4 g6 3. Nc3 Bg7 4. e4 d6 5. Nf3 O-O 6. Be2 e5 7. O-O Nc6 
8. d5 Ne7 9. Nd2 a5 10. a3 Nd7 11. Rb1 f5 12. b4 Nf6 13. f3 axb4 14. axb4 f4 
15. c5 g5 16. Nc4 Ne8 17. Bd2 h5 18. Nb5 Kh7 19. Qc2 Ng8 20. Rfc1 g4 
21. Be1 Nh6 22. cxd6 cxd6 23. Ra1 Rb8 24. Bf2 Qg5 25. Ba7 Ra8 26. Ncxd6 Nxd6 
27. Nxd6 gxf3 28. Bxf3 Bg4 29. Qe2 Rg8 30. Rc7 Qd8 31. Nb5 Kh8 32. Rxb7 Bf8 
33. Rc1 Rc8 34. Bc5 Qf6 35. Nc7 Rg7 36. Rb6 Qg5 37. h4 Qxh4 38. Rxh6+ Kg8 
39. Bxf8 Rcxc7 40. Rxc7 Rxc7 41. Bc5 Qg5 42. Rxh5 Bxh5 43. Bxh5 Rh7 44. Bf3 Qh4 
45. Kf1 Rc7 46. d6 Rc8 47. Qc4+ Kg7 48. Qe6 Qh1+ 49. Ke2 Ra8 50. Qxe5+ Kg6 
51. Qf5+ Kg7 52. Bd4+ 
1-0

[Event "34th Chess Olympiad (men)"]
[Site "Istanbul"]
[Date "2000.11.05"]
[Round "8.52.1"]
[White "Corbin, Philip"]
[Black "Andolo, Humphrey"]
[WhiteElo "2228"]
[BlackElo "2146"]
[WhiteCountry "BAR"]
[BlackCountry "KEN"]
[Result "1-0"]

1. e4 c5 2. d4 cxd4 3. c3 d3 4. c4 g6 5. Bxd3 Bg7 6. Ne2 e6 7. Nbc3 Ne7 
8. O-O O-O 9. Bc2 a6 10. Qd6 Nbc6 11. Bf4 Qa5 12. a3 Be5 13. Bxe5 Qxe5 
14. Qd2 f5 15. b4 fxe4 16. Bxe4 Nf5 17. Rad1 Rd8 18. g4 Nfe7 19. f4 Qc7 
20. f5 d5 21. f6 Nf5 22. gxf5 dxe4 23. fxg6 Rf8 24. Qh6 hxg6 25. Qxg6+ Kh8 
26. f7 
1-0

[Event "34th Chess Olympiad (men)"]
[Site "Istanbul"]
[Date "2000.11.05"]
[Round "8.52.2"]
[White "Omolo, Keneth"]
[Black "Austin, Dirk"]
[WhiteElo "2053"]
[BlackElo "2000"]
[WhiteCountry "KEN"]
[BlackCountry "BAR"]
[Result "0-1"]

1. d4 Nf6 2. Nf3 e6 3. c4 c5 4. Nc3 cxd4 5. Nxd4 a6 6. e4 Bb4 7. Bd3 Qc7 
8. O-O Nc6 9. Nc2 Be7 10. f4 d6 11. Be3 O-O 12. Kh1 b6 13. g4 Bb7 14. g5 Nd7 
15. Qg4 Rfe8 16. Kg1 Rac8 17. Rf3 g6 18. Nd4 Bf8 19. Nxc6 Bxc6 20. Rh3 Bg7 
21. Qh4 Nf8 22. f5 exf5 23. exf5 Qb7 24. f6 Bh8 25. Bd4 b5 26. Rg3 b4 
27. Ne2 Be4 28. Re1 Bxd3 29. Rxd3 Rxc4 30. Qf2 Qe4 31. Re3 Qg4+ 32. Rg3 Qh4 
33. Be3 Rc2 34. Bc1 Qc4 35. Re3 Re5 36. Rxe5 dxe5 37. a3 h6 
0-1

[Event "34th Chess Olympiad (men)"]
[Site "Istanbul"]
[Date "2000.11.05"]
[Round "8.52.3"]
[White "Elson, Askari"]
[Black "Kanyingi, Joseph"]
[WhiteElo "2000"]
[BlackElo "2200"]
[WhiteCountry "BAR"]
[BlackCountry "KEN"]
[Result "1/2-1/2"]

1. d4 d5 2. c4 c6 3. Nf3 Nf6 4. Nc3 Bf5 5. cxd5 cxd5 6. Qb3 Bc8 7. Bf4 a6 
8. e3 Nc6 9. Bd3 Na5 10. Qc2 Bg4 11. Ne5 Bd7 12. O-O e6 13. Rfc1 Rc8 14. a3 b5 
15. b3 Be7 16. Qb2 O-O 17. Na2 Qb6 18. Nb4 Rfd8 19. Nc2 Be8 20. Ne1 Nh5 
21. Bg3 Nxg3 22. hxg3 Bd6 23. N5f3 f6 24. Be2 Bg6 25. Nd3 Re8 26. Nf4 Bf7 
27. Rab1 Qb8 28. Nd3 Bg6 29. Rxc8 Rxc8 30. Rd1 Rc7 31. Rc1 Rxc1+ 32. Nxc1 Qc8 
33. b4 Nc4 34. Bxc4 bxc4 35. Ne2 Qb8 36. Nc3 Qb7 37. Na4 Qc6 38. Nc5 Be7 
39. Qc3 a5 40. bxa5 Bxc5 41. dxc5 Qxc5 42. Nd2 Qb5 43. Qb4 Qxb4 44. axb4 c3 
45. Nb3 Bd3 46. f4 Kf8 47. Kf2 Ke7 48. Ke1 Kd6 49. Nc5 Bb5 50. Kd1 e5 
51. Kc2 d4 52. fxe5+ fxe5 53. exd4 exd4 54. a6 Bc6 55. Kd3 Kd5 56. a7 Bb5+ 
57. Kc2 Bc6 58. Kd3 h5 59. Nb3 Ke5 
1/2-1/2

[Event "34th Chess Olympiad (men)"]
[Site "Istanbul"]
[Date "2000.11.05"]
[Round "8.52.4"]
[White "Magana, Ben"]
[Black "Taitt, Junior"]
[WhiteElo "2000"]
[BlackElo "2000"]
[WhiteCountry "KEN"]
[BlackCountry "BAR"]
[Result "1/2-1/2"]

1. e4 c5 2. c3 d5 3. exd5 Qxd5 4. d4 Nf6 5. Nf3 Bg4 6. Be2 e6 7. O-O Be7 
8. Qa4+ Nc6 9. c4 Qd7 10. dxc5 Bxc5 11. Nc3 O-O 12. Bg5 e5 13. h3 Bf5 
14. Bxf6 gxf6 15. Nd5 Qd8 16. Rad1 Nd4 17. Nxd4 Bxd4 18. Qa3 Be4 19. Ne7+ Kh8 
20. Bd3 Bxd3 21. Rxd3 Qc7 22. b3 Rad8 23. Nd5 Qc6 24. Rf3 e4 25. Rf4 Qe6 
26. Re1 f5 27. Qc1 
1/2-1/2

[Event "34th Chess Olympiad (men)"]
[Site "Istanbul"]
[Date "2000.11.05"]
[Round "8.53.1"]
[White "Moussa, Alaa-Eddine"]
[Black "Matthews, Shane"]
[WhiteElo "2255"]
[BlackElo "2258"]
[WhiteCountry "PLE"]
[BlackCountry "JAM"]
[Result "1-0"]

1. d4 Nf6 2. c4 g6 3. Nc3 Bg7 4. e4 O-O 5. Be2 d6 6. Bg5 Nbd7 7. Qd2 e5 
8. d5 Nc5 9. f3 a5 10. g4 c6 11. h4 Qb6 12. h5 Bd7 13. Nh3 Rac8 14. Nf2 Qb4 
15. Nd3 Nxd3+ 16. Bxd3 cxd5 17. Nxd5 Nxd5 18. cxd5 Qxd2+ 19. Bxd2 b6 20. Ke2 f5 
21. gxf5 gxf5 22. Rag1 fxe4 23. Bxe4 Kh8 24. Be3 Bf6 25. b3 b5 26. h6 Rg8 
27. Rxg8+ Rxg8 28. Rg1 Rxg1 29. Bxg1 Bg5 30. Be3 Bxe3 31. Kxe3 b4 32. f4 Kg8 
33. fxe5 dxe5 34. Bc2 Be8 35. Bf5 a4 36. d6 axb3 37. axb3 Kf7 38. d7 Bxd7 
39. Bxd7 Kg6 40. Ke4 Kxh6 41. Kxe5 Kg5 42. Ke4 
1-0

[Event "34th Chess Olympiad (men)"]
[Site "Istanbul"]
[Date "2000.11.05"]
[Round "8.53.2"]
[White "Pitterson, Jomo"]
[Black "Kayle, Charles"]
[WhiteElo "2262"]
[BlackElo "2097"]
[WhiteCountry "JAM"]
[BlackCountry "PLE"]
[Result "1/2-1/2"]

1. d4 d5 2. Nf3 Nf6 3. c4 e6 4. Nc3 Be7 5. Bf4 O-O 6. e3 c5 7. dxc5 Bxc5 
8. a3 Nc6 9. b4 Be7 10. cxd5 Nxd5 11. Nxd5 exd5 12. Bd3 Bf6 13. Rc1 Re8 
14. O-O Bg4 15. h3 Bxf3 16. Qxf3 a6 17. Rfd1 d4 18. Be4 Rc8 19. Bxc6 bxc6 
20. Rxc6 Rxc6 21. Qxc6 Re6 22. Qc4 g5 23. Bg3 Qb6 24. exd4 Re4 25. Qc8+ Kg7 
26. d5 h5 27. Qc6 Qa7 28. d6 Rd4 29. Rxd4 Qxd4 30. Qc5 Qa1+ 31. Kh2 h4 
32. d7 hxg3+ 
1/2-1/2

[Event "34th Chess Olympiad (men)"]
[Site "Istanbul"]
[Date "2000.11.05"]
[Round "8.53.3"]
[White "Asaad, Salah"]
[Black "Elliott, Warren"]
[WhiteElo "2000"]
[BlackElo "2196"]
[WhiteCountry "PLE"]
[BlackCountry "JAM"]
[Result "0-1"]

1. e4 c5 2. Nf3 d6 3. Nc3 e6 4. d4 cxd4 5. Nxd4 Nf6 6. Be3 a6 7. f3 b5 
8. Qd2 Nbd7 9. g4 h6 10. h4 Bb7 11. Rh3 Ne5 12. O-O-O Nfd7 13. g5 b4 14. Nb1 d5 
15. f4 Nc4 16. Bxc4 dxc4 17. g6 Bxe4 18. gxf7+ Kxf7 19. Nf3 Bd5 20. f5 Be7 
21. Qg2 Bf6 22. Qg6+ Kg8 23. fxe6 Bxe6 24. Rg3 Qe8 25. Qe4 Bf7 26. Qf4 Rd8 
27. Rdg1 c3 28. Bd4 cxb2+ 29. Bxb2 Bxb2+ 30. Kxb2 Rh7 31. Qd4 Qf8 32. Rd1 Bh5 
33. Qd5+ Qf7 34. Qxf7+ Kxf7 35. Rd6 a5 36. Nbd2 Bxf3 37. Rxf3+ Ke7 
38. Rfd3 Rhh8 39. Nc4 Ne5 40. Nxe5 Rxd6 41. Rxd6 Kxd6 42. Nf7+ Ke6 43. Nxh8 g5 
44. hxg5 hxg5 45. Ng6 Kf6 46. Nf8 g4 47. Nd7+ Kf5 48. Nb6 g3 49. Nd5 Ke4 
50. Nf6+ Ke5 
0-1

[Event "34th Chess Olympiad (men)"]
[Site "Istanbul"]
[Date "2000.11.05"]
[Round "8.53.4"]
[White "Rowe, Duane"]
[Black "Lekke, Khaled"]
[WhiteElo "2000"]
[BlackElo "2000"]
[WhiteCountry "JAM"]
[BlackCountry "PLE"]
[Result "1-0"]

1. e4 c6 2. d4 d5 3. e5 Bf5 4. Nc3 e6 5. g4 Bg6 6. Nge2 Nd7 7. h4 h6 8. f4 Bb4 
9. a3 Ba5 10. f5 exf5 11. Nf4 Qe7 12. Bd3 O-O-O 13. gxf5 Nxe5 14. dxe5 Qxe5+ 
15. Nfe2 Bxc3+ 16. bxc3 Bxf5 17. Bf4 Qf6 18. Bxf5+ Qxf5 19. Qd3 Qg4 
20. Qh3 Qxh3 21. Rxh3 Re8 22. Be3 a6 23. Bd4 f6 24. h5 Ne7 25. Rf3 Kc7 
26. Rb1 Nc8 27. Be3 Re6 28. Kd2 b5 29. Nd4 Re4 30. Rg1 Rh7 31. Nf5 Nb6 
32. Bf4+ Kd8 33. Rxg7 Nc4+ 34. Kd1 Nb2+ 35. Kc1 Rxg7 36. Nxg7 Nc4 37. Rf1 Nxa3 
38. Bxh6 Nc4 39. Bf4 Ke7 40. h6 Kf7 41. Bg5 Kg6 42. Bxf6 Kxh6 43. Nf5+ Kg6 
44. Ne7+ Kf7 45. Bg5+ Ke6 46. Nxc6 Kd6 47. Nb4 a5 48. Nd3 Rg4 49. Bf4+ Kc6 
50. Ne5+ Nxe5 51. Bxe5 Rg6 52. Rf7 Rf6 53. Bxf6 Kc5 54. Kb2 Kc4 55. Bd8 a4 
56. Bf6 Kc5 57. Bd4+ Kc4 58. Ka3 b4+ 59. cxb4 Kxd4 60. Kxa4 Kc3 61. b5 d4 
62. b6 Kxc2 63. b7 Kd1 64. Kb3 
1-0

[Event "34th Chess Olympiad (men)"]
[Site "Istanbul"]
[Date "2000.11.05"]
[Round "8.54.1"]
[White "Smith, Louis"]
[Black "Frick, Renato"]
[WhiteElo "2178"]
[BlackElo "2156"]
[WhiteCountry "AHO"]
[BlackCountry "LIE"]
[Result "1/2-1/2"]

1. e4 c5 2. Nf3 Nc6 3. d4 cxd4 4. Nxd4 Nf6 5. Nc3 g6 6. Be2 Bg7 7. Be3 O-O 
8. O-O d6 9. h3 a6 10. Rb1 Qc7 11. Qd2 Bd7 12. Rbd1 Rac8 13. a3 b5 
14. Nxc6 Bxc6 15. Bd3 Qb7 16. f3 Nd7 17. Bh6 Ne5 18. Bxg7 Kxg7 19. Ne2 Bd7 
20. c3 Rfd8 21. f4 Nc6 22. Ng3 Qb6+ 23. Kh1 Na5 24. f5 f6 25. Qe2 Nc6 
26. Qe1 Ne5 27. Ne2 Qe3 28. Nd4 Qxe1 29. Rfxe1 Rc5 30. Nb3 Nxd3 31. Rxd3 Re5 
32. fxg6 hxg6 33. Rd5 Rh5 34. Rxh5 gxh5 35. Kg1 
1/2-1/2

[Event "34th Chess Olympiad (men)"]
[Site "Istanbul"]
[Date "2000.11.05"]
[Round "8.54.2"]
[White "Guller, Andras"]
[Black "Neumann, Han H W M"]
[WhiteElo "2141"]
[BlackElo "2228"]
[WhiteCountry "LIE"]
[BlackCountry "AHO"]
[Result "0-1"]

1. e4 e5 2. Nf3 Nc6 3. Bb5 a6 4. Ba4 Nf6 5. d3 b5 6. Bb3 Be7 7. c3 O-O 
8. Nbd2 d6 9. O-O Na5 10. Bc2 c5 11. Re1 Re8 12. Nf1 Bf8 13. Ng3 g6 14. h3 Bg7 
15. Bg5 Qc7 16. Qd2 Bb7 17. Nh2 d5 18. Bxf6 Bxf6 19. Ng4 Bg7 20. exd5 Bxd5 
21. Ne4 Bxe4 22. dxe4 Nc4 23. Qc1 h5 24. Ne3 Bh6 25. Nd5 Bxc1 26. Nxc7 Bxb2 
27. Rad1 Bxc3 28. Re2 Bd4 29. a4 Nd6 30. Kf1 Rec8 31. Nxa8 Rxa8 32. g3 f6 
33. f4 Kf7 34. fxe5 fxe5 35. g4 hxg4 36. hxg4 c4 37. Rb1 Rh8 38. Kg2 Ke7 
39. Ree1 Rf8 40. Rf1 Rxf1 41. Kxf1 Bc3 42. axb5 axb5 43. Ke2 b4 44. Rh1 Nb5 
45. Rh7+ Kd6 46. Ba4 Nd4+ 47. Kd1 b3 48. Rg7 Kc5 49. Rxg6 Ba5 50. g5 Kb4 
51. Bxb3 cxb3 52. Rg8 Ka3 53. Rb8 b2 54. g6 Bb4 
0-1

[Event "34th Chess Olympiad (men)"]
[Site "Istanbul"]
[Date "2000.11.05"]
[Round "8.54.3"]
[White "Mensing, Fabio"]
[Black "Mannhart, Marcel"]
[WhiteElo "2000"]
[BlackElo "2061"]
[WhiteCountry "AHO"]
[BlackCountry "LIE"]
[Result "1-0"]

1. d4 g6 2. e4 Bg7 3. Nc3 c6 4. f4 d5 5. e5 h5 6. Nf3 Bg4 7. Be2 e6 8. Be3 Nh6 
9. Ng5 Nf5 10. Bf2 Bxe2 11. Nxe2 h4 12. Qd2 Na6 13. O-O-O Qe7 14. g4 hxg3 
15. hxg3 O-O-O 16. g4 Rxh1 17. Rxh1 Nh6 18. Rg1 Rh8 19. Kb1 Qd7 20. Nc1 Bf8 
21. Nd3 Be7 22. Rh1 Qd8 23. Qe2 Nc7 24. Be3 f6 25. exf6 Bxf6 26. Ne5 Qg8 
27. Bc1 Bxg5 28. fxg5 Nf7 29. Rxh8 Nxh8 30. Qf2 Ne8 31. Qf4 Qg7 32. b3 Qe7 
33. a4 c5 34. Ba3 b6 35. dxc5 bxc5 36. Nd3 Qd6 37. Bxc5 Qxf4 38. Nxf4 Kd7 
39. Bxa7 Nd6 40. Bd4 Nhf7 41. Bf6 Ne4 42. Nxg6 Nfxg5 43. Bxg5 Nxg5 44. Kb2 Ne4 
45. a5 Kd6 46. a6 Kc6 47. Nf8 Ng5 48. b4 e5 49. b5+ Kc7 50. Ng6 e4 51. Kc3 Ne6 
52. Kd2 Kb6 53. Ke3 Kxb5 54. a7 Nc7 55. Ne7 Kc5 56. g5 Kd6 57. Nc8+ Ke5 
58. c3 Kf5 59. Nb6 Kxg5 60. a8=Q Nxa8 61. Nxa8 Kf5 62. Nc7 Ke5 63. Nb5 Kf5 
64. Nd4+ Ke5 65. Ne2 Kf5 66. Kd4 
1-0

[Event "34th Chess Olympiad (men)"]
[Site "Istanbul"]
[Date "2000.11.05"]
[Round "8.54.4"]
[White "Mundle, Kurt"]
[Black "Wolf, Rudsel"]
[WhiteElo "2000"]
[BlackElo "2000"]
[WhiteCountry "LIE"]
[BlackCountry "AHO"]
[Result "1-0"]

1. d4 Nf6 2. Nf3 d5 3. c4 dxc4 4. e3 g6 5. Bxc4 Bg7 6. O-O O-O 7. Nc3 c6 
8. Bd2 a5 9. a4 Nbd7 10. Qc2 Nb6 11. Bd3 Nbd5 12. Ne4 Nxe4 13. Bxe4 Qd6 
14. Rfc1 Nf6 15. Bd3 Bg4 16. Ne5 Be6 17. Qc5 Qc7 18. Qc2 Nd7 19. Nxd7 Qxd7 
20. Qc5 Qc7 21. Be4 Rfd8 22. b4 f5 23. Bf3 axb4 24. Bxb4 Rd7 25. a5 Qd8 
26. a6 bxa6 27. Qxc6 Bd5 28. Bxd5+ Rxd5 29. Bxe7 Qxe7 
1-0

[Event "34th Chess Olympiad (men)"]
[Site "Istanbul"]
[Date "2000.11.05"]
[Round "8.55.1"]
[White "Borg, Geoffrey"]
[Black "Mueller, Leonhard"]
[WhiteElo "2344"]
[BlackElo "2249"]
[WhiteCountry "MLT"]
[BlackCountry "NAM"]
[Result "1-0"]

1. d4 Nf6 2. c4 g6 3. Nc3 Bg7 4. e4 d6 5. f4 O-O 6. Nf3 a6 7. Bd3 c5 
8. dxc5 dxc5 9. e5 Ng4 10. h3 Nh6 11. Be3 Bf5 12. Be2 Qa5 13. Qa4 Qd8 
14. Bxc5 Bd7 15. Qa3 Nc6 16. Nd5 Nf5 17. Bb6 Qc8 18. Bf2 Rb8 19. g4 Nh6 
20. Ba7 Re8 21. Bxb8 Qxb8 22. O-O-O Be6 23. Ng5 Bc8 24. Ne4 Be6 25. Kb1 Kh8 
26. Rhe1 Ng8 27. Ng5 h6 28. Nxe6 fxe6 29. Nb6 g5 30. Nd7 Qc7 31. fxg5 Nxe5 
32. gxh6 Nxh6 33. Nxe5 Qxe5 34. Bd3 Qh2 35. Bc2 Kg8 36. Rxe6 Rc8 37. Qxe7 Nf7 
38. Rf1 Rf8 39. Qh4 
1-0

[Event "34th Chess Olympiad (men)"]
[Site "Istanbul"]
[Date "2000.11.05"]
[Round "8.55.2"]
[White "Leicher, Helmuth"]
[Black "Camilleri, Stephan J"]
[WhiteElo "2000"]
[BlackElo "2097"]
[WhiteCountry "NAM"]
[BlackCountry "MLT"]
[Result "1/2-1/2"]

1. e4 c5 2. Nf3 d6 3. d4 cxd4 4. Nxd4 Nf6 5. Nc3 a6 6. Be2 e5 7. Nb3 Be7 
8. O-O O-O 9. Kh1 b5 10. Bg5 Bb7 11. f3 Nbd7 12. Qe1 Rc8 13. a3 Qc7 14. Rd1 Nb6 
15. Bd3 Rfd8 16. Bc1 Nc4 17. Bxc4 bxc4 18. Nd2 h6 19. Ndb1 Rd7 
1/2-1/2

[Event "34th Chess Olympiad (men)"]
[Site "Istanbul"]
[Date "2000.11.05"]
[Round "8.55.3"]
[White "Cilia, Vincenti V"]
[Black "Nakapunda, Otto"]
[WhiteElo "2215"]
[BlackElo "2157"]
[WhiteCountry "MLT"]
[BlackCountry "NAM"]
[Result "1/2-1/2"]

1. Nf3 d5 2. d4 Nf6 3. c4 c6 4. Qc2 dxc4 5. Qxc4 Bf5 6. Qb3 Qb6 7. Nbd2 e6 
8. Qxb6 axb6 9. Nh4 Bg6 10. Nxg6 hxg6 11. Nb3 Bd6 12. g3 Nbd7 13. Bg2 e5 
14. O-O exd4 15. Nxd4 Ra5 16. Bd2 Ra8 17. a3 Ne5 18. Rac1 Ke7 19. h3 Bc5 
20. Nb3 Bd6 21. e4 Nd3 22. Rc2 Nc5 23. Nc1 Nfd7 24. Rd1 Rhd8 25. Be3 Bc7 
26. f4 Na6 27. Kf2 b5 28. Ne2 Nb6 29. Rxd8 
1/2-1/2

[Event "34th Chess Olympiad (men)"]
[Site "Istanbul"]
[Date "2000.11.05"]
[Round "8.55.4"]
[White "Richter, Hannes"]
[Black "Vella, Duncan"]
[WhiteElo "2000"]
[BlackElo "2000"]
[WhiteCountry "NAM"]
[BlackCountry "MLT"]
[Result "0-1"]

1. c4 Nf6 2. Nc3 g6 3. g3 d6 4. Bg2 Bg7 5. Nf3 O-O 6. O-O e5 7. d3 Nc6 
8. Bg5 h6 9. Bd2 Rb8 10. Rb1 a5 11. a3 Nh5 12. b4 axb4 13. axb4 f5 14. b5 Ne7 
15. Ne1 f4 16. e4 fxg3 17. fxg3 Be6 18. Ra1 Qd7 19. Bf3 Bh3 20. Ng2 Nf6 
21. Re1 Rf7 22. Ne3 Rbf8 23. Bg2 Bxg2 24. Kxg2 Nfd5 25. Re2 Nf4+ 26. gxf4 exf4 
27. Ned5 f3+ 28. Kh1 Nxd5 29. Rf2 Nxc3 30. Bxc3 Bxc3 31. Raa2 Bd4 
0-1